| 000 | 00912namaa22002171 4500 | ||
|---|---|---|---|
| 001 | 174379 | ||
| 003 | ES-MaACL | ||
| 005 | 20251014063251.0 | ||
| 008 | 100412s1917 sp r |||| | spa d | ||
| 080 | _a581.9(460.38) | ||
| 100 | 1 |
_aCaballero y Segares, Arturo _933070 |
|
| 245 | 1 | 0 |
_aExcursión botánica a Melilla en 1915 / _cpor A. Caballero. |
| 260 |
_aMadrid : _bJunta para la Ampliación de Estudios e Investigaciones Científicas, _c1917. |
||
| 300 |
_a39 p., II h. de lám. ; _c23 cm. |
||
| 490 | 1 |
_aTrabajos del Museo Nacional de Ciencias Naturales. Serie Botánica ; _v11 |
|
| 650 | 4 |
_aFlora- _zMelilla. _9142486 |
|
| 710 | 2 |
_aJunta para la Ampliación de Estudios e Investigaciones Científicas. _95413 |
|
| 830 | 1 |
_aTrabajos del Museo Nacional de Ciencias Naturales. Serie Botánica ; _v11 _9189324 |
|
| 852 | 4 |
_aES-MaACL _jB-13137(4) _z- Enc. con otras obras |
|
| 999 |
_c174379 _d174379 |
||